LEADER 03245nam 2200733 450 001 9910790960003321 005 20230803221110.0 010 $a3-11-033201-9 024 7 $a10.1515/9783110332018 035 $a(CKB)2550000001255046 035 $a(EBL)1663128 035 $a(OCoLC)875820564 035 $a(SSID)ssj0001212434 035 $a(PQKBManifestationID)11789090 035 $a(PQKBTitleCode)TC0001212434 035 $a(PQKBWorkID)11210673 035 $a(PQKB)11670408 035 $a(MiAaPQ)EBC1663128 035 $a(DE-B1597)212982 035 $a(OCoLC)979838632 035 $a(OCoLC)984651117 035 $a(OCoLC)987921647 035 $a(OCoLC)992471855 035 $a(DE-B1597)9783110332018 035 $a(Au-PeEL)EBL1663128 035 $a(CaPaEBR)ebr10861322 035 $a(CaONFJC)MIL588230 035 $a(EXLCZ)992550000001255046 100 $a20140504h20142014 uy 0 101 0 $aeng 135 $aur|n|---||||| 181 $ctxt 182 $cc 183 $acr 200 10$aPaul and the vocation of Israel $ehow Paul's Jewish identity informs his apostolic ministry, with special reference to Romans /$fLionel J. Windsor 210 1$aBerlin, Germany :$cDe Gruyter,$d2014. 210 4$d©2014 215 $a1 online resource (320 p.) 225 1 $aBeihefte zur Zeitschrift fu?r die neutestamentliche Wissenschaft,$x0171-6441 ;$vVolume 205 300 $aDescription based upon print version of record. 311 $a3-11-033188-8 311 $a3-11-036983-4 320 $aIncludes bibliographical references and indexes. 327 $t Frontmatter -- $tAcknowledgements -- $tContents -- $t1. Introduction -- $t2. Review of literature -- $t3. Paul's language of Jewish identity -- $t4. The Jewishness of Paul's vocation (Romans 1:1-15 & 15:14-33) -- $t5. Paul's contest over Jewish identity (Romans 2:17-29) -- $t6. Paul's fulfilment of Israel's vocation (Romans 9-11) -- $t7. Conclusions -- $tBibliography -- $tIndex of Ancient Texts -- $tIndex of Modern Authors 330 $aThe Apostle Paul was the greatest early missionary of the Christian gospel. He was also, by his own admission, an Israelite. How can both these realities coexist in one individual? This book argues that Paul viewed his mission to the Gentiles, in and of itself, as the primary expression of his Jewish identity. The concept of Israel's divine vocation is used to shed fresh light on a number of much-debated passages in Paul's letter to the Romans. 410 0$aBeihefte zur Zeitschrift fu?r die neutestamentliche Wissenschaft und die Kunde der a?lteren Kirche ;$vVolume 205. 606 $aIdentification (Religion)$xBiblical teaching 606 $aJews in the New Testament 610 $aJewish Identity. 610 $aNew Testament. 610 $aPaul. 610 $aRomans. 615 0$aIdentification (Religion)$xBiblical teaching. 615 0$aJews in the New Testament. 676 $a227/.106 686 $aBC 7290$2rvk 700 $aWindsor$b Lionel J.$f1974-$01477867 801 0$bMiAaPQ 801 1$bMiAaPQ 801 2$bMiAaPQ 906 $aBOOK 912 $a9910790960003321 996 $aPaul and the vocation of Israel$93693334 997 $aUNINA LEADER 03892nam 2200589 450 001 9910826690803321 005 20230809223341.0 010 $a3-11-053685-4 024 7 $a10.1515/9783110538564 035 $a(CKB)3710000001123510 035 $a(MiAaPQ)EBC4830585 035 $a(DE-B1597)478793 035 $a(OCoLC)984644084 035 $a(DE-B1597)9783110538564 035 $a(Au-PeEL)EBL4830585 035 $a(CaPaEBR)ebr11369167 035 $a(OCoLC)982011533 035 $a(EXLCZ)993710000001123510 100 $a20170412h20172017 uy 0 101 0 $ager 135 $aurcnu|||||||| 181 $2rdacontent 182 $2rdamedia 183 $2rdacarrier 200 10$aFrageintonation im Deutschen $ezur intonatorischen markierung von interrogativita?t und fragehaltigkeit /$fJan Michalsky 210 1$aBerlin, [Germany] ;$aBoston, [Massachusetts] :$cDe Gruyter,$d2017. 210 4$d©2017 215 $a1 online resource (354 pages) 225 1 $aLinguistische Arbeiten,$x0344-6727 ;$vBand 566 311 $a3-11-053634-X 311 $a3-11-053856-3 320 $aIncludes bibliographical references and index. 327 $tFrontmatter -- $tVorwort -- $tInhalt -- $t1. Einleitung -- $t2. Forschungsstand -- $t3. Forschungsfragen -- $t4. Experiment 1 ? Produktion: Leseaussprache -- $t5. Experiment 2 ? Produktion: Spontansprache -- $t6. Experiment 3 ? Perzeption: Identifikation und Diskrimination -- $t7. Experiment 4 ? Perzeption und Produktion: Imitation -- $t8. Experiment 5 ? Perzeption: Semantische Evaluation -- $t9. Zusammenfassung und Diskussion -- $tLiteraturverzeichnis -- $tIndex 330 $aDie Studie untersucht sowohl die phonologischen als auch die häufig vernachlässigten phonetischen Aspekte der Intonation von Fragen im Deutschen und diskutiert die Funktion beider Ebenen getrennt.Eine ausgiebige Betrachtung des Forschungsstandes macht deutlich, dass entgegen häufiger Generalisierungen weder der finale Anstieg noch generell ein Merkmal der Konturwahl primär der Markierung von Interrogativität dient. Dies verlagert die Betrachtung auf die Ebene der phonetischen Realisierung, der in einer Vielzahl von Sprachen bereits eine entscheidende Funktion in der Markierung von Fragen zugesprochen wird. In einer Reihe aus zwei Produktions- und drei Perzeptionsexperimenten wurde überprüft, ob die phonetische Realisierung in Abhängigkeit von der pragmatischen Funktion variieren kann und ob dies durch einen kategorialen Unterschied oder einen kontinuierlichen Übergang geschieht.Diskussion und experimentelle Untersuchung zeigen, dass Frageintonation sich am ehesten als eine Verbindung aus der phonologisch markierten Kategorie der Unvollständigkeit und der phonetisch markierten Sprechereinstellung der Fragehaltigkeit beschreiben lässt. 330 $aIn asking a question, does the pitch rise at the end of the sentence? Question intonation is more complex than this example might suggest. Alongside a detailed discussion of the significance of intonation in questions, this study presents the results of two production and three perception based experiments. It concludes that intonation serves more to signal the speaker?s questioning attitude than as a binary grammatical function. 410 0$aLinguistische Arbeiten (Max Niemeyer Verlag) ;$vBand 566. 606 $aGerman language$xIntonation 606 $aGerman language$xInterrogative 610 $aInterrogativity. 610 $aQuestion Intonation. 615 0$aGerman language$xIntonation. 615 0$aGerman language$xInterrogative. 676 $a431/.6 686 $aLAN009000$2bisacsh 700 $aMichalsky$b Jan$01699294 801 0$bMiAaPQ 801 1$bMiAaPQ 801 2$bMiAaPQ 906 $aBOOK 912 $a9910826690803321 996 $aFrageintonation im Deutschen$94081422 997 $aUNINA